|
|
|
|
| LEADER |
00000nas a22000001 4500 |
| 001 |
ssj0000854 |
| 003 |
WaSeSS |
| 005 |
20200512172242.0 |
| 006 |
m d |
| 007 |
cr n |
| 008 |
790427d19361993ctumr p s 0 a0eng c |
| 010 |
|
|
|a 39001062
|z sn 79004811
|
| 016 |
|
|
|a (AMICUS)000000887044
|
| 016 |
7 |
|
|a 9876429
|2 DNLM
|
| 016 |
7 |
|
|a O04060000
|2 DNLM
|
| 022 |
|
|
|l 0030-0128
|y 0030-0128
|
| 030 |
|
|
|a OFISAD
|
| 032 |
|
|
|a 544110
|b USPS
|
| 035 |
|
|
|a (WaSeSS)ssj0000854
|
| 040 |
|
|
|a NSD
|b eng
|c NSD
|d IUL
|d DLC
|d RCS
|d OCL
|d AIP
|d OCL
|d AIP
|d NST
|d CLU
|d OCL
|d NYG
|d NLM
|d OCLCQ
|d OCLCF
|d OCLCO
|d GILDS
|d OCLCO
|d NLC
|d OCLCQ
|d RDF
|d WaSeSS
|
| 042 |
|
|
|a nsdp
|a pcc
|
| 050 |
0 |
0 |
|a HF5001
|b .O2
|
| 082 |
0 |
4 |
|a 651.205
|
| 210 |
0 |
|
|a Office
|b (Stamford. 1936)
|
| 222 |
|
4 |
|a The Office
|b (Stamford. 1936)
|
| 245 |
0 |
4 |
|a The Office
|h [electronic resource].
|
| 260 |
|
|
|a Stamford, Conn.
|b Office Publications.
|
| 310 |
|
|
|a Monthly
|
| 362 |
1 |
|
|a Began in 1936; ceased with Nov. 1993.
|
| 500 |
|
|
|a "Magazine of management, equipment, automation."
|
| 506 |
|
|
|a License restrictions may limit access.
|
| 588 |
|
|
|a Latest issue consulted: Oct. 1993.
|
| 650 |
|
0 |
|a Office furniture
|v Periodicals.
|
| 650 |
|
0 |
|a Office equipment and supplies
|v Periodicals.
|
| 650 |
|
7 |
|a Office equipment and supplies.
|2 fast
|0 (OCoLC)fst01044109
|
| 650 |
|
7 |
|a Office furniture.
|2 fast
|0 (OCoLC)fst01044138
|
| 655 |
|
0 |
|a Electronic journals.
|
| 780 |
0 |
0 |
|t Office economics
|
| 785 |
0 |
4 |
|t Managing office technology
|w (DLC) 93650365
|w (OCoLC)28270179
|
| 850 |
|
|
|a CLU
|a CU
|a CU-I
|a CaNSCS
|a CaNSH
|a CaNSHPC
|a CaOLU
|a CaOTDT
|a CtU
|a CtY
|a DLC
|a MCM
|a MnU
|a N
|a NNStJ
|a NSyU
|a NcRS
|a OU
|a PPiD
|a TxDaM
|a TxLT
|a ViBlbV
|a ViU
|
| 856 |
4 |
0 |
|z Full text available from Research Library: 01/01/1993 to 10/31/1993
|u https://search.proquest.com/publication/40659
|